|
|
|
|
| LEADER |
01023pam a22002898a 4500 |
| 001 |
00031415 |
| 005 |
20171026081025.0 |
| 008 |
131209s2013 ||||||viesd |
| 020 |
# |
# |
|a 9786049299865
|
| 041 |
0 |
# |
|a vie
|
| 082 |
1 |
4 |
|a 370.959 7
|b C101M
|
| 245 |
1 |
0 |
|a Các mô hình hoạt động khuyến học góp phần xây dựng xã hội học tập
|
| 260 |
# |
# |
|a Hà Nội
|b Dân trí
|c 2013
|
| 300 |
# |
# |
|a 287tr.
|c 21 cm.
|
| 500 |
# |
# |
|a ĐTTS ghi: Hội Khuyến học Việt Nam. Ban Phong trào
|
| 653 |
# |
# |
|a Khuyến học
|
| 653 |
# |
# |
|a Xã hội học tập
|
| 653 |
# |
# |
|a Việt Nam
|
| 653 |
# |
# |
|a Nền giáo dục
|
| 653 |
# |
# |
|a Mô hình
|
| 852 |
# |
# |
|j KD.0015056
|j KM.0016212
|j KM.0016213
|j KM.0016211
|j KM.0016214
|
| 852 |
# |
# |
|b Kho đọc
|j KD.0015056
|
| 852 |
# |
# |
|b Kho mượn
|j KM.0016211, KM.0016212, KM.0016213, KM.0016214
|
| 910 |
|
|
|d 09/12/2013
|
| 980 |
# |
# |
|a Trung tâm Học liệu Lê Vũ Hùng, Trường Đại học Đồng Tháp
|